Public finance and economic development in India (Record no. 355694)

000 -LEADER
fixed length control field 00446cam a22001457a 4500
008 - FIXED-LENGTH DATA ELEMENTS--GENERAL INFORMATION
fixed length control field 180718b1985 xxu||||| |||| 00| 0 eng d
082 ## - DEWEY DECIMAL CLASSIFICATION NUMBER
Classification number Lx54 T737p
100 ## - MAIN ENTRY--PERSONAL NAME
Personal name Tripathy, Ram Niranjan
245 ## - TITLE STATEMENT
Title Public finance and economic development in India
Statement of responsibility, etc. by Ram Niranjan Tripathy and M. Tripathy
260 ## - PUBLICATION, DISTRIBUTION, ETC.
Place of publication, distribution, etc. Delhi
Name of publisher, distributor, etc. Mittal
Date of publication, distribution, etc. 1985
300 ## - PHYSICAL DESCRIPTION
Extent 326p.
650 ## - SUBJECT ADDED ENTRY--TOPICAL TERM
Topical term or geographic name entry element Economic development
650 ## - SUBJECT ADDED ENTRY--TOPICAL TERM
Topical term or geographic name entry element Finance, Public - India
700 ## - ADDED ENTRY--PERSONAL NAME
Personal name Tripathy, M.
Holdings
Withdrawn status Lost status Damaged status Not for loan Permanent Location Current Location Date acquired Full call number Barcode Date last seen Price effective from Koha item type
        Indian Institute of Public Administration Indian Institute of Public Administration 1993-12-23 Lx54 T737p 61032 2018-07-21 2018-07-21 Book

Powered by Koha